| 000 | 00547nam a22001937a 4500 | ||
|---|---|---|---|
| 005 | 20250120121726.0 | ||
| 010 | _aENG-143530 | ||
| 020 | _c150.00 | ||
| 035 | _aEN-127062 | ||
| 037 | _bDBAD | ||
| 082 | _a362 | ||
| 100 |
_aGupta, Dr. Sunny _976741 |
||
| 245 |
_aMr. Detox; The Game Changer of Heath/ _cBy Dr. Sunny Gupta |
||
| 250 | _aFirst | ||
| 260 |
_bBluerose Publisher _c2023 _aNew Delhi |
||
| 270 |
_bNew Delhi _k8882898898 _minfo@bluerosepublishers.com |
||
| 300 |
_a101p. _c20cm (pbk) |
||
| 942 |
_2ddc _cEN _h362 _mGup |
||
| 999 |
_c208594 _d208594 |
||